| 000 | 00616nam a2200145Ia 4500 | ||
|---|---|---|---|
| 008 | 250506s9999 xx 000 0 und d | ||
| 024 | _a15B-068-BS, 15B-072-BS, 15B-098-BS & 15B-076-BS | ||
| 082 | _a005.1452072 AAS | ||
| 100 | _aAashir Shahid, Muhammad Ammar, Muhammad Bilal & Salman Arif | ||
| 245 | 0 | _aAndriod Based Virtual Reality Tour Application (Downtown Gwadar) (CODE BOOK) | |
| 260 |
_aKarachi: _bUIT, _c2015 |
||
| 600 | _aComputer Science | ||
| 650 | _aBachelor of Computer Science (BS) | ||
| 856 |
_uhttps://drive.google.com/file/d/1uFg2OLnEvDs4VgmpAKfTxHQJAdCTTKIh/view?usp=sharing _yClick here for PDF |
||
| 999 |
_c28884 _d28884 |
||